000 00674nam a2200229Ia 4500
003 OSt
005 20221005130116.0
006 a|||||r|||| 00| 0
007 ta
008 221004b |||||||| |||| 00| 0 eng d
024 _a70282
037 _cTextual
040 _aCRL
_cCRL
_beng
041 _2eng
_aeng
082 _aY138:1:5.73, H6
100 _aBenians E. A.
_998297
245 0 _aRace and nation in the United States
_b A historical sketch of the intermingling of the peoples in the making of the American nation
260 _c1946
650 _aSOCIOLOGY
942 _hY138:1:5.73, H6
_cTEXL
_2cc
999 _c1056131
_d1056131